Los Nuevos actores de la globalización /
Đã lưu trong:
| Tác giả chính: | |
|---|---|
| Định dạng: | Texto |
| Các nhãn: |
Thêm thẻ
Không có thẻ, Là người đầu tiên thẻ bản ghi này!
|
MARC
| LEADER | 00000 a a2200000 04500 | ||
|---|---|---|---|
| 001 | 9692 | ||
| 003 | |||
| 040 | |||
| 100 | |a Pizzorno, Alessandro | ||
| 245 | |a Los Nuevos actores de la globalización / |c Alessandro Pizzorno | ||
| 500 | |a El texto es una traducción de Israel Covarrubias Gonzáles | ||
| 773 | |g volumen 8, número 36; páginas 103-104 | ||
| 999 | |c 24827 |d 24827 | ||
